00391 2200157 4500001002100000005001500021035002000036245004400056100001400100300001700114260003600131082000800167084001400175020001800189990002600207INLIS00000000000091120260326030102 a0010-03260000221 aHanna & Syauqi /cMuyassarotul Hafidzah0 aMuyasaroh a250 ;c20 cm aYogyakarta :bDiva Press,c2024 a813 a813 MUY h a9786231892973 a2025/SMKMIRI/3076/001